000 00418nam a22001457a 4500
999 _c7597
_d7595
005 20210315150254.0
008 210315b ||||| |||| 00| 0 eng d
082 _a346.066
100 _aAIYAR, A.N.
_96466
245 _aREPORTS OF COMPANY CASES INCLUDING CASES OF BANKING AND INSURENCE [VOL-81]
260 _aMADRAS
_bCOMPANY LAW INSTITUTE OF INDIA
_c1994
300 _aI-XXXII, p
650 _aLAW
_95701
942 _cJRL